000 00316nam a22001217a 4500
999 _c527819
_d527819
022 _a2520-503X, e:2523-0026
082 _a330
100 _aAshfaque Hasan Khan.
_919285
245 _aNUST Journal of Social Sciences and Humanities /
_cNJSSH
260 _aIslamabad:
_bS3H - NUST,
300 _c24cm.
942 _cCR
_s1